Štát zverejnil nové podmienky štátnej pomoci malým a stredným podnikateľom
Podnikatelia, ktorí sa môžu riadiť schémami sa ľahšie dostanú k peniazom. Schémy nových grantov na podporu malých a stredných podnikov (MSP). Schéma na podporu patrí podnikateľom, ktorých firmy fungujú menej ako dva roky. Pomoc na skvalitnenie výroby a zamestnancov. Podpora exportu výrobkov. SARIO a...
Gespeichert in:
| 1. Verfasser: | |
|---|---|
| Format: | Buchkapitel |
| Sprache: | Slowakisch |
| Schlagworte: | |
| Tags: |
Keine Tags, Fügen Sie das erste Tag hinzu!
|
MARC
| LEADER | 00000naa$a2200000$$$4500 | ||
|---|---|---|---|
| 001 | 0003549 | ||
| 005 | 20230921115044.2 | ||
| 041 | 0 | |a slo | |
| 044 | |a SK | ||
| 245 | 1 | 0 | |a Štát zverejnil nové podmienky štátnej pomoci malým a stredným podnikateľom |c aut. Martin Jankovič |
| 520 | |a Podnikatelia, ktorí sa môžu riadiť schémami sa ľahšie dostanú k peniazom. Schémy nových grantov na podporu malých a stredných podnikov (MSP). Schéma na podporu patrí podnikateľom, ktorých firmy fungujú menej ako dva roky. Pomoc na skvalitnenie výroby a zamestnancov. Podpora exportu výrobkov. SARIO a budovanie priemyselných parkov. | ||
| 610 | 2 | 0 | |a podpora podnikania |
| 610 | 2 | 0 | |a podnik malý |
| 610 | 2 | 0 | |a podnik stredný |
| 610 | 2 | 0 | |a kvalita |
| 610 | 2 | 0 | |a výroba |
| 610 | 2 | 0 | |a zamestnanci |
| 610 | 2 | 0 | |a parky priemyselné |
| 610 | 2 | 0 | |a SARIO |
| 100 | 1 | |a Jankovič, Martin | |